| 000 | 00524nam a2200181 a 4500 | ||
|---|---|---|---|
| 001 | 0093 | ||
| 005 | 20140414131847.0 | ||
| 008 | 040728s19uu xx 00 eng d | ||
| 020 | _a0-85260-099-2 | ||
| 050 |
_aM 369.463 _bN31 1990 |
||
| 100 | _aNeilands, Lynda | ||
| 245 |
_aBrownie guide handbook / _cLynda Neilands ; illustrators by Jenny Mumford. |
||
| 260 |
_a[s.l.] : _bGirl Guides Association, _c1990. |
||
| 300 | _a153 p. : ill. ; cm. | ||
| 500 | _aIncludes index | ||
| 650 | _aSchool children. | ||
| 999 |
_c109966 _d109966 |
||